Normal view MARC view
  • Tröhler, Daniel

Entry Nombre Personal

Number of records used in: 7

001 - NUMERO DE CONTROL

  • campo de control: 40075

003 - IDENTIFICADOR DE NUMERO DE CONTROL

  • campo de control: UPN

005 - FECHA Y HORA DE LA ÜLTIMA TRANSACCIÓN

  • campo de control: 20221125130300.0

008 - DATOS DE LONGITUD FIJA

  • campo de control de longitud fija: nabaccnnaabn|||||||||| b |nc|||||d

035 ## - NUMERO DE CONTROL

  • Número de control: UPN11000012182

040 ## - FUENTE DE CATALOGACIÓN

  • Agencia original de catalogación: MX-MxUPN

100 1# - ENCABEZAMIENTO - NOMBRE PERSONAL

  • Nombre personal: Tröhler, Daniel

370 ## - LUGAR ASOCIADO

  • Associated country: Viena, Austria
  • Associated country: Luxemburgo

371 ## - DIRECCIÓN

  • Electronic mail address: daniel.troehler@univie.ac.at

372 ## - CAMPO DE ACTIVIDAD

  • Field of activity: Lenguajes educativos. Currículum
  • Field of activity: Epistemología. Historia de la educación. Globalización

373 ## - GRUPO ASOCIADO

  • Associated group: Universidad de Viena. Departamento de Educación
  • Associated group: Universidad de Luxemburgo

374 ## - OCUPACIÓN

  • Occupation: Profesor - Investigador universitario

670 ## - FUENTE EN LA QUE SE LOCALIZARON DATOS

  • Cita de la fuente: T
  • Información localizada: Pestalozzi y la educacionalización del mundo

670 ## - FUENTE EN LA QUE SE LOCALIZARON DATOS

  • Cita de la fuente: En sitio web: Universität Wien
  • Información localizada: (Daniel Tröhler)
  • Enlace: https://bildungswissenschaft.univie.ac.at/en/foundations-of-education/personnel/troehler-daniel/

680 ## - NOTA PUBLICA DE ACCESO PÚBLICO

  • Frase explicativa de la referencia: Catedrático en el Instituto de Educación y Sociedad de la Universidad de Luxemburgo. Director de su Escuela de Doctorado en Ciencias de la Educación.

902 ## - CATALOGADOR

  • Catalogador: EMR/260417
  • Catalogador: BLSM/251122